[Event "Dortmund Sparkassen op-B 47th"]
[Site "Dortmund"]
[Date "2019.07.21"]
[Round "9"]
[White "Besou, Hussain"]
[Black "Gromov, Alexander"]
[Result "1-0"]
[WhiteElo "1832"]
[BlackElo "1722"]
[PlyCount "57"]
[EventDate "2019.07.13"]
[EventType "swiss"]
[EventRounds "9"]
[EventCountry "GER"]
[SourceTitle "CBM 192 Extra"]
[Source "Chessbase"]
[SourceDate "2019.11.06"]
[SourceVersion "1"]
[SourceVersionDate "2019.11.06"]
[SourceQuality "1"]

1. e4 e6 2. d4 d5 3. Nc3 Bb4 4. e5 c5 5. a3 Bxc3+ 6. bxc3 Nc6 7. Qg4 g6 8. Nf3 f6 9. Bd3 fxe5 10. dxe5 Nge7 11. Bg5 Qa5 12. 0-0 c4 13. Be2 Qxc3 14. Bf6 0-0 15. Qg5 Nf5 16. Rad1 Qxc2 17. Rfe1 Qc3 18. Kh1 Bd7 19. g4 Ncd4 20. gxf5 Nxe2 21. Kg2 Nf4+ 22. Qxf4 exf5 23. Qh6 Rxf6 24. exf6 Qxf6 25. Ng5 Qg7 26. Qxg7+ Kxg7 27. Re7+ Kf6 28. Rxd7 Kxg5 29. R7xd5 1-0

[Event "Unna op"]
[Site "Unna"]
[Date "2014.12.27"]
[Round "1"]
[White "Arndt, Stefan"]
[Black "Gromov, Alexander"]
[Result "1-0"]
[WhiteElo "2131"]
[BlackElo "1553"]
[PlyCount "79"]
[EventDate "2014.12.27"]
[EventType "swiss"]
[EventRounds "7"]
[EventCountry "GER"]
[SourceTitle "CBM 164 Extra"]
[Source "ChessBase"]
[SourceDate "2015.03.02"]
[SourceVersion "1"]
[SourceVersionDate "2015.03.02"]
[SourceQuality "1"]

1. e4 e6 2. d4 d5 3. e5 c5 4. c3 Nc6 5. Nf3 Qb6 6. a3 Nge7 7. b4 cxd4 8. cxd4 Nf5 9. Bb2 Bd7 10. g4 Nfe7 11. Nc3 g6 12. Rc1 Bh6 13. g5 Bg7 14. Na4 Qd8 15. Nc5 Rb8 16. Bd3 0-0 17. h4 Nf5 18. h5 Qe7 19. Qd2 b6 20. Nxd7 Qxd7 21. Qf4 Rbc8 22. h6 Bh8 23. 0-0 a5 24. b5 Na7 25. a4 Rxc1 26. Rxc1 Rc8 27. Ba3 Rxc1+ 28. Qxc1 Nxd4 29. Nxd4 Bxe5 30. Nc6 Nxc6 31. Qxc6 Qd8 32. Kf1 Bf4 33. Bc1 Bc7 34. Be2 Qd6 35. Ba3 Qd8 36. Bg4 Bf4 37. Bxe6 Bxg5 38. Qb7 Bf6 39. Qxf7+ Kh8 40. Be7 1-0